Dictionnaire français-kirundi (Record no. 129181)
[ view plain ]
| 000 -LEADER | |
|---|---|
| fixed length control field | 01461cam a22002777i 4500 |
| 001 - CONTROL NUMBER | |
| control field | 2046499 |
| 003 - CONTROL NUMBER IDENTIFIER | |
| control field | ARRUPE |
| 005 - DATE AND TIME OF LATEST TRANSACTION | |
| control field | 20190312103531.0 |
| 007 - PHYSICAL DESCRIPTION FIXED FIELD--GENERAL INFORMATION | |
| fixed length control field | hduafa---baca |
| 007 - PHYSICAL DESCRIPTION FIXED FIELD--GENERAL INFORMATION | |
| fixed length control field | hdubfa---baaa |
| 008 - FIXED-LENGTH DATA ELEMENTS--GENERAL INFORMATION | |
| fixed length control field | 920731s1903 ne ab a 000 0 fre |
| 010 ## - LIBRARY OF CONGRESS CONTROL NUMBER | |
| LC control number | 92892839 |
| 040 ## - CATALOGING SOURCE | |
| Original cataloging agency | DLC |
| Transcribing agency | DLC |
| Modifying agency | DLC |
| 050 00 - LIBRARY OF CONGRESS CALL NUMBER | |
| Classification number | REF. PL8611.4.B957 |
| 300 ## - PHYSICAL DESCRIPTION | |
| Other physical details | ill., 1 map ; |
| Dimensions | 26 cm. |
| 100 1# - MAIN ENTRY--PERSONAL NAME | |
| Personal name | Burgt, J. M. M. van der |
| Fuller form of name | (Joannes Michael M.), |
| Dates associated with a name | 1863-1923. |
| 9 (RLIN) | 45151 |
| 245 10 - TITLE STATEMENT | |
| Title | Dictionnaire français-kirundi |
| Remainder of title | avec l'indication succincte de la signification swahili et allemande : ouvrage illustré d'une carte, de 252 gravures hors texte et 7 dans le texte, et augmenté d'une introduction et de 196 articles ethnologiques sur l'Urundi et les Warundi / |
| Statement of responsibility, etc | par J.M.M. van der Burgt. |
| 260 ## - PUBLICATION, DISTRIBUTION, ETC. (IMPRINT) | |
| Place of publication, distribution, etc | Bois-le-Duc (Hollande) : |
| Name of publisher, distributor, etc | Société "L'Illustration Catholique", |
| Date of publication, distribution, etc | 1903. |
| 300 ## - PHYSICAL DESCRIPTION | |
| Extent | cxix, 647 p. : |
| 500 ## - GENERAL NOTE | |
| General note | Call number of original: PL8611.4.B8. |
| 500 ## - GENERAL NOTE | |
| General note | Master microform held by: DLC. |
| 533 ## - REPRODUCTION NOTE | |
| Type of reproduction | Microfilm. |
| Place of reproduction | Washington, D.C. : |
| Agency responsible for reproduction | Library of Congress Preservation Microfilming Program : |
| -- | Available from Library of Congress Photoduplication Service, |
| Date of reproduction | 1992. |
| Physical description of reproduction | 1 microfilm reel ; 35 mm. |
| 650 ## - SUBJECT ADDED ENTRY--TOPICAL TERM | |
| Topical term or geographic name as entry element | French language |
| General subdivision | Dictionary |
| -- | Kirundi |
| 9 (RLIN) | 45152 |
| 776 1# - ADDITIONAL PHYSICAL FORM ENTRY | |
| Qualifying information | Original |
| Record control number | (DLC) 05031951 |
| 906 ## - LOCAL DATA ELEMENT F, LDF (RLIN) | |
| a | 7 |
| b | cbc |
| c | orignew |
| d | u |
| e | ncip |
| f | 19 |
| g | y-genmicro |
| 942 ## - ADDED ENTRY ELEMENTS (KOHA) | |
| Source of classification or shelving scheme | Library of Congress Classification |
| Koha item type | REFERENCE |
| Withdrawn status | Lost status | Source of classification or shelving scheme | Damaged status | Not for loan | Collection code | Home library | Current library | Shelving location | Date acquired | Total Checkouts | Full call number | Barcode | Date last seen | Price effective from | Koha item type |
|---|---|---|---|---|---|---|---|---|---|---|---|---|---|---|---|
| Library of Congress Classification | REFERENCE | ARRUPE LIBRARY | ARRUPE LIBRARY | REFERENCE | 12/03/2019 | REF. PL8611.4.B957 | 46600004159 | 12/03/2019 | 12/03/2019 | REFERENCE |